[Event "Novosibirsk Sukharev Memorial op"]
[Site "Novosibirsk"]
[Date "2012.07.26"]
[Round "9"]
[White "Vasiliev, Maxim"]
[Black "Mikhailov, Denis"]
[Result "0-1"]
[WhiteElo "1680"]
[BlackElo "1947"]
[PlyCount "50"]
[EventDate "2012.07.18"]
[EventType "swiss"]
[EventRounds "9"]
[EventCountry "RUS"]
[SourceTitle "EXT 2013"]
[Source "ChessBase"]
[SourceDate "2012.11.22"]
[SourceVersion "1"]
[SourceVersionDate "2012.11.22"]
[SourceQuality "1"]

1. e4 c5 2. Nf3 Nc6 3. Nc3 d6 4. d4 cxd4 5. Nxd4 e5 6. Nb3 Nf6 7. Be3 Be6 8. f3 Be7 9. Qd2 a6 10. 0-0-0 Qc7 11. g4 h6 12. h4 Rd8 13. Nd5 Bxd5 14. exd5 Nb8 15. Be2 Rc8 16. g5 Nxd5 17. Bd3 Nxe3 18. Qxe3 Nd7 19. f4 Qb6 20. Qf3 Nc5 21. Nxc5 Rxc5 22. Rdf1 Qc6 23. Qe2 exf4 24. gxh6 Rxh6 25. Rxf4 Qxh1+ 0-1